00686nam a2200169Ia 4500999001700000082001200017100002400029245009600053260006300149300000700212504002600219650003300245650005800278700002200336942001200358952014600370 c21966d21966 aRF.0005 aFadnavis, Mrunalini 0aSurvey of resettlement with alternative livelihood for PAPs of Gosikhurd irrigation project c2004bIndian Council of Social Science Research, New Delhi a73 aIncludes bibliography aGosikhurd Irrigation Project aRehabilitation, RuralzMaharashtrazBhandara District aDeshpande, Prachi cRP2ddc 00104070aNASSDOCbNASSDOCd2008-10-13eGifted by : R P Division, ICSSRi2008-09-10l0oRF.0005p44633r2019-04-18 00:00:00w2019-04-18yRP